[Event "SVK-chT 2324"]
[Site "Slovakia"]
[Date "2024.01.20"]
[Round "5.8"]
[White "Gyerpal, Adrian"]
[Black "Stevik, Patrik1"]
[Result "1/2-1/2"]
[WhiteElo "2197"]
[BlackElo "2188"]
[PlyCount "30"]
[EventDate "2023.11.04"]
[EventType "team-tourn"]
[EventRounds "11"]
[EventCountry "SVK"]
[SourceTitle "CB04_2024"]
[SourceDate "2023.10.16"]
[SourceVersion "1"]
[SourceVersionDate "2023.10.16"]
[SourceQuality "1"]
[WhiteTeam "Cebovce"]
[BlackTeam "Modra"]
[WhiteTeamCountry "SVK"]
[BlackTeamCountry "SVK"]

1. e4 d6 2. d4 Nd7 3. Nf3 e5 4. Bc4 Be7 5. 0-0 c6 6. c3 Ngf6 7. Re1 0-0 8. Bb3 h6 9. Nbd2 Re8 10. Nf1 Qc7 11. Ng3 Nf8 12. h3 Ng6 13. Be3 Bf8 14. d5 Bd7 15. Qd2 a5 1/2-1/2

[Event "Skalica op-A"]
[Site "Skalica"]
[Date "2023.08.22"]
[Round "4"]
[White "Gyerpal, Adrian"]
[Black "Babula, Matej"]
[Result "1-0"]
[WhiteElo "2188"]
[BlackElo "1893"]
[PlyCount "65"]
[EventDate "2023.08.19"]
[EventType "swiss"]
[EventRounds "9"]
[EventCountry "SVK"]
[SourceTitle "CBM 215 Extra"]
[Source "ChessBase"]
[SourceDate "2023.09.30"]
[SourceVersion "1"]
[SourceVersionDate "2023.09.30"]
[SourceQuality "1"]

1. e4 e5 2. Nf3 Nc6 3. Bb5 a6 4. Ba4 Nf6 5. d4 exd4 6. 0-0 Be7 7. e5 Nd5 8. Nxd4 Nb6 9. Nf5 0-0 10. Qg4 g6 11. Nxe7+ Qxe7 12. Bxc6 dxc6 13. Qg3 Re8 14. Re1 f6 15. Nc3 Bf5 16. Ne4 Bxe4 17. Rxe4 fxe5 18. Bg5 Qf7 19. Rae1 Nd7 20. b3 Nf6 21. Rxe5 Rxe5 22. Rxe5 Rf8 23. h3 Nd5 24. c4 Nf4 25. Bh6 Qf6 26. Re4 Nh5 27. Qe3 Ng7 28. g4 Rf7 29. Kg2 b6 30. b4 Qd8 31. Rd4 Qf8 32. Bg5 Ne8 33. Rd8 1-0

[Event "Skalica op-A"]
[Site "Skalica"]
[Date "2023.08.21"]
[Round "3"]
[White "Rakhmangulova, Anastasiya"]
[Black "Gyerpal, Adrian"]
[Result "1-0"]
[WhiteElo "2341"]
[BlackElo "2188"]
[PlyCount "95"]
[EventDate "2023.08.19"]
[EventType "swiss"]
[EventRounds "9"]
[EventCountry "SVK"]
[SourceTitle "CBM 215 Extra"]
[Source "ChessBase"]
[SourceDate "2023.09.30"]
[SourceVersion "1"]
[SourceVersionDate "2023.09.30"]
[SourceQuality "1"]

1. e4 c5 2. c3 d5 3. exd5 Qxd5 4. d4 Nf6 5. Nf3 e6 6. Be2 Be7 7. 0-0 0-0 8. c4 Qd8 9. dxc5 Bxc5 10. Nc3 Nc6 11. Bg5 Be7 12. Qc2 Qa5 13. Rfd1 a6 14. a3 Ne5 15. Bh4 Ng6 16. Bg3 Qf5 17. Bd3 Qh5 18. b4 Bd7 19. c5 Bc6 20. Nd4 Bd5 21. Be2 Qg5 22. Nf3 Qh6 23. Nxd5 Nxd5 24. Bc4 Ngf4 25. Bxf4 Nxf4 26. Rd7 Bf6 27. Rad1 Qh5 28. Bf1 Qg4 29. Kh1 h5 30. h3 Nxh3 31. Nh2 Qf4 32. gxh3 Be5 33. f3 a5 34. Rxb7 axb4 35. Rxb4 Qf6 36. a4 Rfd8 37. c6 Bc7 38. Rd7 Rdc8 39. Rb7 Qf4 40. Bb5 Qg3 41. Qg2 Qe1+ 42. Nf1 Qe5 43. Qd2 Ba5 44. Qd4 Qf5 45. Rxf7 Qxf7 46. Rxf7 Kxf7 47. Qd7+ Kf6 48. Ng3 1-0

[Event "SVK-ch Amateurs"]
[Site "Liptovsky Jan"]
[Date "2023.06.16"]
[Round "4"]
[White "Samu, Sorin Mihai"]
[Black "Gyerpal, Adrian"]
[Result "0-1"]
[WhiteElo "2027"]
[BlackElo "2190"]
[PlyCount "86"]
[EventDate "2023.06.15"]
[EventType "swiss"]
[EventRounds "8"]
[EventCountry "SVK"]
[SourceTitle "CBM 214 Extra"]
[Source "ChessBase"]
[SourceDate "2023.07.31"]
[SourceVersion "1"]
[SourceVersionDate "2023.07.31"]
[SourceQuality "1"]

1. e4 c6 2. d4 d5 3. Nc3 dxe4 4. Nxe4 Nf6 5. Ng3 h5 6. h4 Bg4 7. Be2 e6 8. Bg5 Nbd7 9. f3 Qc7 10. Nf1 Bf5 11. Bd3 Bxd3 12. Qxd3 Bd6 13. Ne2 0-0-0 14. 0-0-0 Nb6 15. Ne3 Nbd5 16. Nc4 Bf4+ 17. Nxf4 Nxf4 18. Qf1 Ng6 19. f4 Rd5 20. Bxf6 gxf6 21. Ne3 Ra5 22. f5 exf5 23. b4 Rxa2 24. Qxf5+ Kb8 25. Qxf6 Re8 26. Rde1 Re6 27. Qg5 a5 28. bxa5 Rxa5 29. d5 cxd5 30. Nxd5 Rxe1+ 31. Rxe1 Qc5 32. Qd8+ Ka7 33. Ne3 Qc3 34. Qxa5+ Qxa5 35. Kd1 Qd8+ 36. Ke2 Qxh4 37. Rf1 Qe7 38. Rf5 h4 39. Rf3 Ne5 40. Rf4 Nc6 41. c3 Qd6 42. Kf3 Ne5+ 43. Ke4 Qd3+ 0-1

[Event "SVK-ch U20"]
[Site "Dudince"]
[Date "2023.04.18"]
[Round "4"]
[White "Gyerpal, Adrian"]
[Black "Bochnicka, Vladimir1111"]
[Result "0-1"]
[WhiteElo "2186"]
[BlackElo "2331"]
[PlyCount "116"]
[EventDate "2023.04.16"]
[EventType "tourn"]
[EventRounds "9"]
[EventCountry "SVK"]
[SourceTitle "CBM 213 Extra"]
[Source "ChessBase"]
[SourceDate "2023.05.31"]
[SourceVersion "1"]
[SourceVersionDate "2023.05.31"]
[SourceQuality "1"]

1. d4 Nf6 2. c4 g6 3. Nf3 Bg7 4. g3 0-0 5. Bg2 d6 6. 0-0 Nc6 7. Nc3 a6 8. b3 Rb8 9. Bb2 b5 10. cxb5 axb5 11. Rc1 b4 12. Na4 Na7 13. d5 Bf5 14. Nd4 Bd7 15. Qc2 Nb5 16. Nc6 Bxc6 17. Qxc6 Qd7 18. Qxd7 Nxd7 19. Bxg7 Kxg7 20. Rc4 Ne5 21. Rxb4 Nc3 22. Rxb8 Nxe2+ 23. Kh1 Rxb8 24. Rd1 Ng4 25. Rf1 Nd4 26. h3 Ne5 27. Rc1 Nd3 28. Rxc7 Nxf2+ 29. Kg1 Nd3 30. Nc3 Kf8 31. Bf1 Nc5 32. Ra7 h5 33. Kf2 g5 34. g4 hxg4 35. hxg4 e5 36. dxe6 Ndxe6 37. Bc4 Kg7 38. a3 Rc8 39. Nb5 Rd8 40. Nc3 Rc8 41. Nd5 Ne4+ 42. Ke2 Rh8 43. Ke3 N4c5 44. Nc3 Rh3+ 45. Kd2 Rh2+ 46. Kc1 Rg2 47. b4 Rxg4 48. Bd5 Nd3+ 49. Kd2 Ndf4 50. Be4 d5 51. Bf5 Rg2+ 52. Ke1 Nd4 53. Bb1 g4 54. b5 g3 55. Ra4 Nf3+ 56. Kd1 Rd2+ 57. Kc1 g2 58. Ne2 Nxe2# 0-1

[Event "SVK-chT2C 2223"]
[Site "Slovakia"]
[Date "2023.02.11"]
[Round "8.1"]
[White "Vrana, Frantisek"]
[Black "Gyerpal, Adrian"]
[Result "1/2-1/2"]
[WhiteElo "2220"]
[BlackElo "2117"]
[PlyCount "54"]
[EventDate "2022.10.08"]
[EventType "team-tourn"]
[EventRounds "11"]
[EventCountry "SVK"]
[SourceTitle "EXT 2024"]
[Source "ChessBase"]
[SourceDate "2023.10.10"]
[SourceVersion "1"]
[SourceVersionDate "2023.10.10"]
[SourceQuality "1"]
[WhiteTeam "Rajecke Teplice"]
[BlackTeam "Detva"]
[WhiteTeamCountry "SVK"]
[BlackTeamCountry "SVK"]

1. e4 e5 2. Nf3 Nc6 3. Nc3 Nf6 4. Bb5 Bb4 5. 0-0 0-0 6. d3 d6 7. Bg5 Bxc3 8. bxc3 Ne7 9. Nh4 c6 10. Bc4 d5 11. Bb3 Qd6 12. Qf3 h6 13. Bxf6 Qxf6 14. Qxf6 gxf6 15. f4 Be6 16. Rae1 exf4 17. exd5 cxd5 18. Rxf4 Rac8 19. Nf3 Ng6 20. Rb4 b6 21. Ra4 a5 22. Rd4 Rxc3 23. a4 Rc5 24. g4 Kh7 25. h3 Kg7 26. h4 Rg8 27. Kf2 Ne7 1/2-1/2

[Event "SVK-ch rapid"]
[Site "Podbanske"]
[Date "2022.09.10"]
[Round "5"]
[White "Dobrotka, Martin"]
[Black "Gyerpal, Adrian"]
[Result "1/2-1/2"]
[WhiteElo "2159"]
[BlackElo "2054"]
[PlyCount "111"]
[EventDate "2022.09.10"]
[EventType "swiss (rapid)"]
[EventRounds "9"]
[EventCountry "SVK"]
[SourceTitle "CBM 210 Extra"]
[Source "ChessBase"]
[SourceDate "2022.11.30"]
[SourceVersion "1"]
[SourceVersionDate "2022.11.30"]
[SourceQuality "1"]

1. d4 d5 2. c4 c6 3. Nc3 Nf6 4. Nf3 e6 5. Bg5 Nbd7 6. e3 Qa5 7. cxd5 Nxd5 8. Qd2 Bb4 9. Rc1 Nxc3 10. bxc3 Ba3 11. Rb1 b6 12. Bd3 Ba6 13. 0-0 Bxd3 14. Qxd3 0-0 15. Rfd1 Rfe8 16. Bf4 Bf8 17. Rd2 c5 18. Ng5 g6 19. Ne4 f5 20. Ng5 Rac8 21. Rc2 c4 22. Qe2 e5 23. dxe5 Nxe5 24. Bxe5 Qxe5 25. Nf3 Qe4 26. Rd1 Bg7 27. g3 Rc7 28. Ng5 Qe7 29. h4 h6 30. Nf3 Qe4 31. Nd4 Kh7 32. Rcd2 a6 33. h5 g5 34. Rb2 b5 35. Qc2 Bxd4 36. Rxd4 Qe5 37. Rb1 Rf7 38. Rbd1 Re6 39. Rd5 Qf6 40. Rd7 Kg7 41. R1d5 f4 42. Rxf7+ Qxf7 43. exf4 gxf4 44. Qf5 Qxf5 45. Rxf5 Re1+ 46. Kg2 fxg3 47. Kxg3 Re2 48. a4 bxa4 49. Ra5 Rc2 50. Rxa4 Rxc3+ 51. Kg4 Rc2 52. f4 Rg2+ 53. Kf5 Rh2 54. Kg4 Rg2+ 55. Kf5 Rh2 56. Ke4 1/2-1/2

[Event "Piestany Slovakia op-A"]
[Site "Piestany"]
[Date "2022.07.13"]
[Round "4"]
[White "Favaloro, Andrea"]
[Black "Gyerpal, Adrian"]
[Result "1-0"]
[WhiteElo "2361"]
[BlackElo "2193"]
[PlyCount "77"]
[EventDate "2022.07.11"]
[EventType "swiss"]
[EventRounds "9"]
[EventCountry "SVK"]
[SourceTitle "CBM 209 Extra"]
[Source "ChessBase"]
[SourceDate "2022.09.30"]
[SourceVersion "1"]
[SourceVersionDate "2022.09.30"]
[SourceQuality "1"]

1. Nf3 Nf6 2. g3 g6 3. Bg2 Bg7 4. d4 0-0 5. c4 d6 6. Nc3 Nc6 7. 0-0 e5 8. dxe5 dxe5 9. Bg5 Be6 10. Qc1 Qc8 11. Rd1 Re8 12. b3 Nd7 13. Bh6 Bh8 14. Ng5 Nd4 15. Nxe6 fxe6 16. Qd2 Nf6 17. Bg5 Bg7 18. e3 Nf5 19. Bxf6 Bxf6 20. Ne4 Bg7 21. Qe2 Re7 22. Rd3 Qf8 23. Rad1 c6 24. R1d2 h6 25. Qd1 Kh7 26. h4 Rae8 27. Kh2 Bf6 28. h5 g5 29. Nd6 Nxd6 30. Rxd6 Kg7 31. Be4 Rc7 32. Bg6 Be7 33. Rxe6 Rd8 34. Kg2 Rxd2 35. Qxd2 Qd8 36. Qc2 Rd7 37. Qf5 Bd6 38. Re8 Qc7 39. Bh7 1-0

[Event "SVK-ch U18"]
[Site "Stara Lubovna"]
[Date "2022.05.28"]
[Round "9"]
[White "Kapec, Kristian"]
[Black "Gyerpal, Adrian"]
[Result "1/2-1/2"]
[WhiteElo "1902"]
[BlackElo "2171"]
[PlyCount "93"]
[EventDate "2022.05.21"]
[EventType "swiss"]
[EventRounds "9"]
[EventCountry "SVK"]
[SourceTitle "CBM 208 Extra"]
[Source "ChessBase"]
[SourceDate "2022.07.31"]
[SourceVersion "1"]
[SourceVersionDate "2022.07.31"]
[SourceQuality "1"]

1. e4 e5 2. Nf3 Nc6 3. d4 exd4 4. Bc4 Nf6 5. e5 d5 6. Bb5 Ne4 7. Nxd4 Bd7 8. Nxc6 bxc6 9. Bd3 Qh4 10. g3 Qh3 11. Bxe4 dxe4 12. Qe2 Bc5 13. Be3 Be7 14. Nd2 0-0 15. Qf1 Qe6 16. Qc4 Qxe5 17. Qxe4 Qxb2 18. Rb1 Qf6 19. 0-0 Bf5 20. Bd4 Bxe4 21. Bxf6 Bxf6 22. Nxe4 Be5 23. Rb7 Rfd8 24. Rfb1 h6 25. Kf1 Rd4 26. R1b4 Rxb4 27. Rxb4 Rd8 28. f4 Bd4 29. Rc4 Bb6 30. Rxc6 Rd4 31. Nc3 a6 32. Ne2 Rd1+ 33. Kg2 Kf8 34. Rc4 Rd2 35. Kf3 g6 36. Rc3 Rd1 37. h3 Rf1+ 38. Ke4 f5+ 39. Kd5 Ke7 40. Nd4 Bxd4 41. Kxd4 Kd6 42. Ra3 c6 43. Rd3 Ra1 44. Kc4+ Kc7 45. Ra3 Rc1 46. Rc3 Ra1 47. Ra3 1/2-1/2

[Event "SVK-ch U18"]
[Site "Stara Lubovna"]
[Date "2022.05.24"]
[Round "5"]
[White "Gyerpal, Adrian"]
[Black "Stevik, Patrik1111"]
[Result "1/2-1/2"]
[WhiteElo "2171"]
[BlackElo "2249"]
[PlyCount "123"]
[EventDate "2022.05.21"]
[EventType "swiss"]
[EventRounds "9"]
[EventCountry "SVK"]
[SourceTitle "CBM 208 Extra"]
[Source "ChessBase"]
[SourceDate "2022.07.31"]
[SourceVersion "1"]
[SourceVersionDate "2022.07.31"]
[SourceQuality "1"]

1. e4 g6 2. d4 Bg7 3. c4 d6 4. Nc3 Nf6 5. h3 0-0 6. Be3 a6 7. Nf3 c5 8. dxc5 Qa5 9. Nd2 Qb4 10. cxd6 Qxb2 11. Na4 Qe5 12. f4 Qxd6 13. e5 Qa3 14. Qb3 Qxb3 15. axb3 Nfd7 16. c5 Nc6 17. Nc4 Rd8 18. 0-0-0 f6 19. exf6 Nxf6 20. Rxd8+ Nxd8 21. Nab6 Rb8 22. Nxc8 Rxc8 23. Nb6 Rc7 24. Bc4+ Kf8 25. Rd1 Ke8 26. b4 Nc6 27. Bd2 Ne4 28. Be1 a5 29. Nd5 Rd7 30. b5 Nd4 31. c6 bxc6 32. bxc6 Nxc6 33. Bb5 Nd4 34. Nc7+ Kd8 35. Ne6+ Nxe6 36. Bxa5+ Ke8 37. Bxd7+ Kf7 38. Re1 N6c5 39. Kc2 Nxd7 40. Rxe4 Nf6 41. Re2 Nd5 42. g3 h5 43. Bd2 Bf6 44. Kd3 Nc7 45. Ke4 Ne6 46. Be3 Ng7 47. g4 Ne6 48. Rc2 Ng7 49. Bd4 hxg4 50. Bxf6 Kxf6 51. hxg4 Ne8 52. Rc6+ Kf7 53. Ke5 Ng7 54. f5 gxf5 55. g5 e6 56. Rc7+ Kg6 57. Rc1 Nh5 58. Rg1 Ng7 59. Rf1 Nh5 60. Kxe6 f4 61. Rg1 Ng3 62. Ke5 1/2-1/2